| 000 | 00695cam a2200253Ia 4500 | ||
|---|---|---|---|
| 001 | 7198531 | ||
| 003 | OCoLC | ||
| 005 | 20221118120109.0 | ||
| 008 | 810306s1980 nbu 000 0 eng d | ||
| 020 | _a0847465012 : | ||
| 040 |
_aIMH _cIMH _dFYB |
||
| 050 | _bW648W | ||
| 082 | _bW648W | ||
| 092 |
_a232 _bW648W |
||
| 100 | 1 | _aWiersbe, Warren W | |
| 245 | 1 | 4 |
_aThe wonderful names of Jesus / _cby Warren W. Wiersbe |
| 260 |
_aLincoln, Neb. : _bBack to the Bible, _c1980 |
||
| 300 |
_a74 p. ; _c17 cm |
||
| 490 | 1 | _aJames T. Jeremiah collection | |
| 600 | 0 | 0 |
_aJesus Christ _xPerson and offices |
| 600 | 0 | 0 |
_aJesus Christ _xName |
| 830 | 0 | _aJames T. Jeremiah collection | |
| 942 |
_2ddc _cBK |
||
| 999 |
_c11038 _d11038 |
||